Представление документа в формате RUSMARC

Поле Инд. ПП Название Значение
Тип записи a
Библиографический уровень a
001 Контрольный номер 008114afeedb4a5580f11f65e01924dd
005 Дата корректировки 20200407131656.9
100 a Данные общей обработки 20180627 ||| 0rusy0189 ca
101 0_ a Язык текста rus
102 a Страна публикации RU
200 1_ f Первые сведения об ответственности А.В. Щербаков, А.Ю. Яковлев
a Заглавие Факторы, влияющие на обеспечение безопасности уголовно-исполнительной системы
210 d Дата издания 2018
461 _0 1 2000
a Закон и право
463 _0 1 2000
a №3
v С. 88-93
1 2101
d 2018
1 001304b7f4c155a4213984f4be134bae1e7
606 a Основная рубрика Право. Юридические науки
x Основная подрубрика Уголовное право
610 0_ a Ключевые слова УГОЛОВНО-ИСПОЛНИТЕЛЬНАЯ СИСТЕМА
a Ключевые слова БЕЗОПАСНОСТЬ
700 _1 a Фамилия Щербаков
b Имя А.В.
701 _1 a Фамилия Яковлев
b Имя А.Ю.
801 _0 a Страна RU
b Организация РГУП
c Дата составления 20180627
g Правила каталогизации PSBO
801 _1 a Страна RU
b Организация РГУП
c Дата составления 20180627
g Правила каталогизации PSBO
901 t Тип документа b
w Контрольный № источника 304b7f4c155a4213984f4be134bae1e7
905 a Дата ввода 20180627